| 000 | 00755nam a2200241 i 4500 | ||
|---|---|---|---|
| 001 | bg | ||
| 245 | 0 | 0 |
_aLeksykon współczesnych międzynarodowych stosunków politycznych : _bpraca zbiorowa / _cpod red. Czesława Mojsiewicza ; [aut. Jolanta Bryła et al.]. |
| 260 |
_aWrocław : _b"Atla 2", _c1996. |
||
| 300 |
_a363 s. : _berr. ; _c21 cm. |
||
| 500 | _aNazwa wydawcy w cop. | ||
| 504 | _aBibliogr. s. 355. | ||
| 650 | 9 |
_aPolityka międzynarodowa _yod 1945 r. |
|
| 655 | _aEncyklopedie | ||
| 700 | 1 |
_aMOJSIEWICZ, Czesław. _eRed. |
|
| 700 | 1 | _aBRYŁA, Jolanta. | |
| 020 | _a8386882301 | ||
| 040 | _cBPK | ||
| 041 | 0 | _apl | |
| 080 | _a327"1945/..."(03) | ||
| 920 | _a83-86882-30-1 | ||
| 942 | _cKS | ||
| 008 | s pl f |000 0 pol | ||
| 999 |
_c38500 _d38500 |
||
| 856 |
_uhttp://koha.tu.koszalin.pl/cgi-bin/koha/opac-detail.pl?biblionumber=38500 _yKatalog online BPK |
||